000 002100000a22000970004500
100 1 _aSuquen, Alex
245 1 0 _aAction : Psalm 107:9
300 _aNum. 21 (2002), Página 30
773 0 _tTeartimes
942 _cANA
999 _c56010
_d56010